La información en medios audiovisuales en los archivos de gestión (Registro nro. 2579)
[ vista simple ]
| 000 -CABECERA | |
|---|---|
| campo de control de longitud fija | 00848aam a2200277 4500 |
| 005 - FECHA Y HORA DE ACTUALIZACIÓN | |
| campo de control | 20160926111332.0 |
| 008 - LONGITUD FIJA | |
| campo de control de longitud fija | 150603b xxu||||| |||| 00| 0 spa d |
| 041 ## - IDIOMA | |
| Código de idioma del texto/pista de sonido o título separado | |
| 082 ## - CLASIFICACIÓN DECIMAL DEWEY | |
| Número de clasificación | 651.53 E77i |
| 100 ## - AUTOR PERSONAL | |
| Nombre de persona | Espinoza León, Flora |
| 245 ## - TÍTULO PROPIAMENTE DICHO | |
| Título | La información en medios audiovisuales en los archivos de gestión |
| 260 ## - PIE DE IMPRENTA | |
| Lugar de publicación, distribución, etc. | Costa Rica |
| Nombre del editor, distribuidor, etc. | EUNA |
| Fecha de publicación, distribución, etc. | 2008 |
| 300 ## - DESCRIPCIÓN FÍSICA | |
| Extensión | 122 páginas |
| 650 ## - Materia General | |
| Materia general | SISTEMAS ARCHIVÍSTICOS |
| 650 ## - Materia General | |
| Materia general | ADMINISTRACIÓN DE ARCHIVOS |
| 650 ## - Materia General | |
| Materia general | MATERIALES AUDIOVISUALES |
| 650 ## - Materia General | |
| Materia general | MICROFILMES |
| 650 ## - Materia General | |
| Materia general | DIAPOSITIVAS |
| 650 ## - Materia General | |
| Materia general | VIDEOCASETES |
| 650 ## - Materia General | |
| Materia general | DISCOS COMPACTOS |
| 650 ## - Materia General | |
| Materia general | FOTOGRAFÍA |
| 650 ## - Materia General | |
| Materia general | MEDIOS AUDIOVISUALES |
| 650 ## - Materia General | |
| Materia general | DISQUETES |
| 650 ## - Materia General | |
| Materia general | DIGITALIZACIÓN |
| 942 ## - Punto de Acceso Adicional Koha | |
| Tipo de ítem Koha | Libro |
| Estado perdido | Estado dañado | No para préstamo | Biblioteca permanente | Biblioteca actual | Signatura completa | Código de barras | Precio efectivo a partir del | Tipo de ítem |
|---|---|---|---|---|---|---|---|---|
| Departamento de Biblioteca y Documentación Alfonso Chase Brenes | Departamento de Biblioteca y Documentación Alfonso Chase Brenes | 651.53 E77i | 15645 | 22/07/2016 | Libro | |||
| Departamento de Biblioteca y Documentación Alfonso Chase Brenes | Departamento de Biblioteca y Documentación Alfonso Chase Brenes | 651.53 E77i | 15646 | 22/07/2016 | Libro |